000 00662nam a2200181 i 4500
001 155214
003 ES-MaACL
005 20250801084635.0
008 040727m18701873fr |||| | fre d
100 1 _aHeinrich, G.A.
_9127833
245 1 0 _aHistoire de la littérature allemande /
_cpar G.A. Heinrich.
260 _aParis :
_bLibrairie A. Franck,
_c1870-1873 (
_fImp. Pitrat Ainé)
300 _a3 v. (XI, 587; 571 p.; XI, 559 p.) ;
_c22 cm.
650 0 0 _aLiteratura alemana-
_vHistoria y crítica
_9184352
852 _aES-MaACL
_jB-1702-04
_z- Enc. hol.
852 _aES-MaACL
_jB-13609
_z- Enc. hol.
_q- Sólo el v. III
999 _c155214
_d155214